|
|
|
|
| LEADER |
01027nam a22002657a 4500 |
| 001 |
AAL7541 |
| 003 |
BD-DhAAL |
| 005 |
20160315091212.0 |
| 008 |
160315s 2010bg ||||| b||| 00| 0 ben d |
| 020 |
|
|
|a 9847012001028
|
| 040 |
|
|
|a BD-DhAAL
|c BD-DhAAL
|
| 082 |
|
|
|2 22
|a 891.4414
|
| 100 |
|
|
|a চৌধুরী, খসরু
|9 18520
|
| 245 |
|
|
|a মাইকেল মধুসূদন দত্ত /
|c খসরু চৌধুরী
|
| 250 |
|
|
|a 1st ed.
|
| 260 |
|
|
|a ঢাকা :
|b কথাপ্রকাশ,
|c ২০১০
|
| 300 |
|
|
|a ৭১ পৃ. ;
|c ২২ সে.মি.
|
| 490 |
|
|
|a জীবনী গ্রন্থমালা
|
| 504 |
|
|
|6 Includes bibliography
|
| 541 |
|
|
|e 7541
|
| 600 |
|
|
|a Dutt, Michael Madhusudan, 1824-1873.
|9 18521
|
| 852 |
|
|
|a Savar Campus Library
|c General Shelf
|
| 942 |
|
|
|2 ddc
|c BK
|
| 999 |
|
|
|c 37117
|d 37117
|
| 952 |
|
|
|0 0
|1 0
|2 ddc
|4 0
|6 891_441400000000000_CHO
|7 0
|9 58378
|a SCL
|b SCL
|c GEN
|d 2016-03-15
|g 60.00
|l 4
|m 13
|o 891.4414 CHO
|p 3020007541
|r 2025-09-01
|s 2025-08-12
|t 1
|w 2016-03-15
|y BK
|